| 000 | 00637nam a2200229 4500 | ||
|---|---|---|---|
| 003 | OSt | ||
| 005 | 20260601171004.0 | ||
| 008 | 260520b2005\\\\|||ao|||\||||\00|\0\eng\d | ||
| 040 |
_aICI _bspa _cICI |
||
| 050 |
_aNK2715 _bI54 2005 |
||
| 245 | 1 |
_aIKEA: _bKitchen Guide 2005 |
|
| 264 |
_bIKEA UK _c2005 |
||
| 300 | _a85 páginas | ||
| 336 |
_atexto _2rdacontent |
||
| 337 |
_asin medio _2rdamedia |
||
| 338 |
_avolumen _2rdacarrier |
||
| 650 |
_aCocinas _xDiseño y construcción |
||
| 650 |
_aMuebles de cocina _xDiseño |
||
| 650 |
_aDiseño interior _zEscandinavia |
||
| 650 |
_aMobiliario doméstico _vCatálogos |
||
| 942 |
_2lcc _cB _n1 |
||
| 999 |
_c20196 _d20196 |
||